<?xml version="1.0" encoding="UTF-8"?><?xml-stylesheet type="text/xsl" href="static/style.xsl"?><OAI-PMH xmlns="http://www.openarchives.org/OAI/2.0/" xmlns:xsi="http://www.w3.org/2001/XMLSchema-instance" xsi:schemaLocation="http://www.openarchives.org/OAI/2.0/ http://www.openarchives.org/OAI/2.0/OAI-PMH.xsd"><responseDate>2026-04-13T04:47:42Z</responseDate><request verb="GetRecord" identifier="oai:www.recercat.cat:10230/59249" metadataPrefix="marc">https://recercat.cat/oai/request</request><GetRecord><record><header><identifier>oai:recercat.cat:10230/59249</identifier><datestamp>2025-12-22T13:35:04Z</datestamp><setSpec>com_2072_6</setSpec><setSpec>col_2072_452952</setSpec></header><metadata><record xmlns="http://www.loc.gov/MARC21/slim" xmlns:dcterms="http://purl.org/dc/terms/" xmlns:xsi="http://www.w3.org/2001/XMLSchema-instance" xmlns:doc="http://www.lyncode.com/xoai" xsi:schemaLocation="http://www.loc.gov/MARC21/slim http://www.loc.gov/standards/marcxml/schema/MARC21slim.xsd">
   <leader>00925njm 22002777a 4500</leader>
   <datafield ind2=" " ind1=" " tag="042">
      <subfield code="a">dc</subfield>
   </datafield>
   <datafield ind2=" " ind1=" " tag="720">
      <subfield code="a">Bosch Meda, Jordi</subfield>
      <subfield code="e">author</subfield>
   </datafield>
   <datafield ind2=" " ind1=" " tag="260">
      <subfield code="c">2024-02-26T07:20:12Z</subfield>
   </datafield>
   <datafield ind2=" " ind1=" " tag="260">
      <subfield code="c">2024-02-26T07:20:12Z</subfield>
   </datafield>
   <datafield ind2=" " ind1=" " tag="260">
      <subfield code="c">2017</subfield>
   </datafield>
   <datafield ind2=" " ind1=" " tag="520">
      <subfield code="a">La presente investigación analiza la relación entre el alcance de la política de vivienda dirigida a las personas jóvenes y los niveles de emancipación residencial juvenil en Europa. El estudio se basa en la aplicación del método de la regresión lineal sobre los datos de la encuesta EU SILC entre los años 2006 y 2011. Los resultados muestran que existe una notable correlación entre las tasas de emancipación de cada país y la disponibilidad de vivienda social para las personas jóvenes, así como la implementación de sistemas de ayudas para el pago de la vivienda de la juventud. Ambas variables de política de vivienda explican: a) por separado, el 65% de la variación en las tasas de emancipación, y b) de forma simultánea —mediante la construcción de un indicador compuesto—, hasta un 74% de dichas diferencias. En cambio, los indicadores de accesibilidad económica a la vivienda entre las personas jóvenes no mantienen correlación alguna ni con las tasas nacionales de emancipación ni con el grado de desarrollo de la política de vivienda para los jóvenes de cada sistema residencial. En cuanto a la relación entre tasas de emancipación, sistemas de vivienda y modelos de estado de bienestar, se constata la existencia de unos rasgos específicos en cada uno de los distintos modelos existentes —socialdemócrata, liberal, mediterráneo y de transición—, excepto entre los países corporativistas.</subfield>
   </datafield>
   <datafield tag="653" ind2=" " ind1=" ">
      <subfield code="a">Juventud</subfield>
   </datafield>
   <datafield tag="653" ind2=" " ind1=" ">
      <subfield code="a">Emancipación juvenil</subfield>
   </datafield>
   <datafield tag="653" ind2=" " ind1=" ">
      <subfield code="a">Transición residencial</subfield>
   </datafield>
   <datafield tag="653" ind2=" " ind1=" ">
      <subfield code="a">Política de vivienda</subfield>
   </datafield>
   <datafield tag="653" ind2=" " ind1=" ">
      <subfield code="a">Sistema de vivienda</subfield>
   </datafield>
   <datafield tag="653" ind2=" " ind1=" ">
      <subfield code="a">Estado de bienestar</subfield>
   </datafield>
   <datafield ind2="0" ind1="0" tag="245">
      <subfield code="a">La relación entre política de vivienda y emancipación residencial de la juventud europea</subfield>
   </datafield>
</record></metadata></record></GetRecord></OAI-PMH>